本田技研工業

Salvato in:
Dettagli Bibliografici
Ente Autore: 企業研究総合機構
Natura: Libro
Lingua:Undetermined
Pubblicazione: 東京 蒼洋社 1980
Soggetti:
Tags: Aggiungi Tag
Nessun Tag, puoi essere il primo ad aggiungerne! !
Thư viện lưu trữ: Trung tâm Học liệu Trường Đại học Cần Thơ
LEADER 00521nam a2200205Ia 4500
001 CTU_94635
008 210402s9999 xx 000 0 und d
082 |a 338.8 
082 |b H771 
110 |a 企業研究総合機構 
245 0 |a 本田技研工業 
245 0 |c 企業研究総合機構 
260 |a 東京 
260 |b 蒼洋社 
260 |c 1980 
650 |a Corporations,Corporations 
650 |x Honda 
650 |z Japan 
904 |i Ngoc 
980 |a Trung tâm Học liệu Trường Đại học Cần Thơ